[Event "44th Sparkassen Open"]
[Site "Dortmund GER"]
[Date "2016.07.09"]
[Round "1.1"]
[White "Pap, Misa"]
[Black "Pollmueller, Michael"]
[Result "1-0"]
[WhiteTitle "GM"]
[WhiteElo "2487"]
[BlackElo "2076"]
[WhiteFideId "921610"]
[BlackFideId "16208749"]
[EventDate "2016.07.09"]

1. e4 Nf6 2. e5 Nd5 3. d4 d6 4. c4 Nb6 5. exd6 cxd6 6. Nc3 g6 7. Be3 Bg7 8. Rc1
O-O 9. Nf3 Bg4 10. Be2 Nc6 11. d5 Bxf3 12. gxf3 Ne5 13. b3 Re8 14. h4 e6 15. f4
Ned7 16. dxe6 Rxe6 17. Bf3 Qe7 18. Qd2 Re8 19. Nd5 Qd8 20. Kf1 Nc5 21. Rd1 Nxd5
22. Bxd5 Ne4 23. Bxe4 Rxe4 24. h5 Qc8 25. Qxd6 Qg4 26. Qd7 R4e6 27. hxg6 hxg6
28. Rd3 Qf3 29. Qd5 Re4 30. Rg1 Qh3+ 31. Ke2 Qh2 32. Rxg6 Qxf4 33. Rg3 Qf6 34.
Qxb7 R4e7 35. Qd5 Qb2+ 36. Rd2 Qb1 37. Qg5 f5 38. Rd8 Qb2+ 39. Kf1 Qb1+ 40. Kg2
Kf8 41. Rxe8+ Kxe8 42. Qh5+ Kd7 43. Bc5 Be5 44. Rg8 Bd6 45. Bxd6 Kxd6 46. Qf3
Qe4 47. Rd8+ Kc6 48. Qxe4+ fxe4 49. Rd2 e3 50. fxe3 Rxe3 51. Kf2 Rh3 52. Ke2 Kc5
53. Rd5+ Kb4 54. Rb5+ Kc3 55. Ra5 Rh7 56. Ke3 Re7+ 57. Kf4 Rh7 58. Ra4 Kd4 59.
Kf5 Rc7 60. Ra5 Rh7 61. Ke6 Rg7 62. Kd6 Rh7 63. Kc6 Rg7 64. c5 Rh7 65. Ra4+ Ke5
66. b4 1-0

[Event "44th Sparkassen Open"]
[Site "Dortmund GER"]
[Date "2016.07.09"]
[Round "1.2"]
[White "Sicars, Thorsten"]
[Black "Hausrath, Daniel"]
[Result "0-1"]
[BlackTitle "GM"]
[WhiteElo "2066"]
[BlackElo "2483"]
[WhiteFideId "12904090"]
[BlackFideId "4617495"]
[EventDate "2016.07.09"]

1. d4 Nf6 2. Bg5 d5 3. Nd2 c6 4. e3 Nbd7 5. f4 Qb6 6. Rb1 Qa5 7. c3 Qxa2 8. Nb3
Nb6 9. Bd3 Nc4 10. Nc1 Qa5 11. Qe2 Bg4 12. Nf3 Ne4 13. Bxc4 dxc4 14. Bh4 Qh5 15.
Bf2 g5 16. Qxc4 Bxf3 17. gxf3 Qxf3 18. Rf1 gxf4 19. Qd3 Nxf2 20. Rxf2 Qxe3+ 21.
Re2 Qxd3 22. Nxd3 Rg8 23. Kf2 Bh6 24. Kf3 e6 25. Nxf4 Bxf4 26. Kxf4 Rd8 27. Ra1
a6 28. Ra5 Ke7 29. Rh5 Rg7 30. Rh6 Rd5 31. Ke3 Rdg5 32. Rf2 R5g6 33. Rh5 Rf6 34.
Re2 h6 35. Kd3 Rg5 36. Rh4 a5 37. b3 Rf3+ 38. Kc2 h5 39. Kb2 Kf6 40. Rhe4 b6 41.
c4 Rg4 0-1

[Event "44th Sparkassen Open"]
[Site "Dortmund GER"]
[Date "2016.07.09"]
[Round "1.3"]
[White "Dann, Matthias"]
[Black "Lewin, Tammo"]
[Result "1-0"]
[WhiteTitle "IM"]
[WhiteElo "2482"]
[BlackElo "2041"]
[WhiteFideId "24638056"]
[BlackFideId "4668596"]
[EventDate "2016.07.09"]

1. e4 c5 2. Nf3 e6 3. d4 cxd4 4. Nxd4 Nc6 5. Nc3 Qc7 6. Be3 a6 7. Qf3 Ba3 8.
O-O-O Ne5 9. Ncb5 axb5 10. Qg3 Be7 11. Nxb5 Qb8 12. Bb6 Rxa2 13. Nc7+ Kf8 14.
Kb1 Rxb2+ 15. Kxb2 d6 16. Ra1 1-0

[Event "44th Sparkassen Open"]
[Site "Dortmund GER"]
[Date "2016.07.09"]
[Round "1.4"]
[White "Winkel, Peter"]
[Black "Schmittdiel, Eckhard"]
[Result "0-1"]
[BlackTitle "GM"]
[WhiteElo "2038"]
[BlackElo "2449"]
[WhiteFideId "12954756"]
[BlackFideId "4600096"]
[EventDate "2016.07.09"]

1. d4 Nf6 2. c4 e6 3. Nc3 Bb4 4. Qc2 d6 5. Bd2 c5 6. Nf3 O-O 7. g3 Nc6 8. dxc5
dxc5 9. Bg2 Nd4 10. Nxd4 cxd4 11. Ne4 Bxd2+ 12. Qxd2 Nxe4 13. Bxe4 e5 14. O-O
Be6 15. Qc2 Rc8 16. b3 b5 17. Bxh7+ Kh8 18. Bf5 bxc4 19. Bxe6 fxe6 20. bxc4 Qc7
21. Rac1 Qc5 22. Qe4 Rb8 23. Rb1 Rxb1 24. Rxb1 d3 25. e3 d2 26. Rd1 Qa5 27. Qc2
Rd8 28. c5 Rd5 29. c6 Qc7 30. Rxd2 Rxd2 31. Qxd2 Qxc6 32. Qb2 Qd6 33. Qb7 a6 34.
h4 Kh7 35. Qe4+ g6 36. Kg2 Kg7 37. a4 Kf6 38. g4 Qc7 39. Kg3 Qc1 40. Kg2 Qc7 41.
Qa8 Qd6 42. Qb7 0-1

[Event "44th Sparkassen Open"]
[Site "Dortmund GER"]
[Date "2016.07.09"]
[Round "1.5"]
[White "Sorokin, Aleksey"]
[Black "Tayyar, Alptug"]
[Result "1-0"]
[WhiteTitle "FM"]
[WhiteElo "2413"]
[BlackElo "2037"]
[WhiteFideId "24176460"]
[BlackFideId "12993450"]
[EventDate "2016.07.09"]

1. d4 d5 2. c4 c6 3. Nf3 Nf6 4. Nc3 dxc4 5. a4 Bf5 6. Nh4 e6 7. Nxf5 exf5 8. e3
Bb4 9. Bxc4 O-O 10. O-O Nbd7 11. Qc2 g6 12. Bd2 Rc8 13. Rad1 Qa5 14. f3 c5 15.
d5 Ne5 16. b3 Nfd7 17. d6 Nb6 18. Nd5 Nexc4 19. Bxb4 cxb4 20. Ne7+ Kh8 21. Nxc8
Nxe3 22. Qb2+ f6 23. d7 Nxd1 24. d8=Q Rxd8 25. Qxf6+ Kg8 26. Ne7# 1-0

[Event "44th Sparkassen Open"]
[Site "Dortmund GER"]
[Date "2016.07.09"]
[Round "1.6"]
[White "Huhs, Sven"]
[Black "Podzielny, Karl-Heinz"]
[Result "0-1"]
[BlackTitle "IM"]
[WhiteElo "2034"]
[BlackElo "2400"]
[WhiteFideId "24669130"]
[BlackFideId "4600215"]
[EventDate "2016.07.09"]

1. d4 Nf6 2. c4 g6 3. Nc3 Bg7 4. e4 d6 5. f4 c5 6. d5 O-O 7. Nf3 b5 8. cxb5 a6
9. bxa6 Qa5 10. Bd2 Nbd7 11. Be2 Bxa6 12. O-O c4 13. b3 Qc5+ 14. Kh1 Ng4 15.
bxc4 Ne3 16. Qc1 Nxf1 17. Qxf1 Nb6 18. Rc1 Bxc4 19. Be1 Bxe2 0-1

[Event "44th Sparkassen Open"]
[Site "Dortmund GER"]
[Date "2016.07.09"]
[Round "1.7"]
[White "Kalka, Arkadius Georg"]
[Black "Busche, Klaus"]
[Result "1-0"]
[WhiteTitle "IM"]
[WhiteElo "2331"]
[BlackElo "2033"]
[WhiteFideId "4617614"]
[BlackFideId "24604631"]
[EventDate "2016.07.09"]

1. Nf3 d5 2. g3 Nc6 3. Bg2 e5 4. O-O Nf6 5. d3 h6 6. c4 dxc4 7. Qa4 Bd6 8. Qxc4
O-O 9. Nc3 Be6 10. Qh4 Be7 11. Qa4 a6 12. Bd2 Qd7 13. Rfc1 b5 14. Qd1 Rad8 15.
Be3 Rfe8 16. Nd2 Nd4 17. Nce4 Nxe4 18. Nxe4 Bd5 19. Nc5 Bxc5 20. Rxc5 Bxg2 21.
Kxg2 Qd6 22. Rac1 Ne6 23. Rc6 Qd5+ 24. f3 a5 25. Qb3 a4 26. Qxd5 Rxd5 27. Kf2 h5
28. Ra6 g6 29. Rcc6 Rdd8 30. Bd2 Rd5 31. Bc3 Kf8 32. Bb4+ Kg8 33. Ra7 Kg7 34.
Ba5 Rd7 35. Bxc7 Kg8 36. Bb6 Rxa7 37. Bxa7 Ra8 38. Bc5 Rb8 39. Bd6 Rb7 40. Bxe5
Kf8 41. d4 Ke7 42. d5 Nd8 43. Bf6+ Kd7 44. Bxd8 Kxd8 45. e4 Ke7 46. e5 1-0

[Event "44th Sparkassen Open"]
[Site "Dortmund GER"]
[Date "2016.07.09"]
[Round "1.8"]
[White "Schimnatkowski, Lukas"]
[Black "Zatonskih, V."]
[Result "0-1"]
[BlackTitle "FM"]
[WhiteElo "2030"]
[BlackElo "2329"]
[WhiteFideId "12936723"]
[BlackFideId "14102161"]
[EventDate "2016.07.09"]

1. e4 c5 2. b3 Nf6 3. Nc3 Nc6 4. Bb2 e6 5. f4 d6 6. Nf3 Be7 7. Bd3 d5 8. e5 Ng4
9. Qe2 Nb4 10. Bb5+ Bd7 11. O-O-O Bxb5 12. Qxb5+ Qd7 13. Qxd7+ Kxd7 14. a3 Nc6
15. Rhf1 h5 16. h3 Nh6 17. g4 hxg4 18. hxg4 Nxg4 19. Rg1 Nh6 20. Rxg7 Nf5 21.
Rxf7 Nd8 22. Rxf5 exf5 23. Nxd5 Rh3 24. Ng1 Rh1 25. Ne2 Rxd1+ 26. Kxd1 Bh4 27.
Ne3 Ne6 28. Nxf5 Bf2 29. Nd6 Rh8 30. c4 b6 31. Kc2 Rh2 32. f5 Ng5 33. Nf4 Be3
34. Nd5 Bxd2 35. e6+ Nxe6 36. fxe6+ Kxd6 37. Kb1 Kxe6 38. b4 cxb4 39. axb4 Rh4
40. Nc7+ Kd7 41. Nb5 a6 42. Nd4 Bxb4 43. Kc2 Bc5 44. Kd3 Bxd4 45. Bxd4 Rxd4+ 46.
Kxd4 Kc6 47. Kc3 Kc5 48. Kb3 a5 49. Kc3 a4 50. Kd3 Kb4 0-1

[Event "44th Sparkassen Open"]
[Site "Dortmund GER"]
[Date "2016.07.09"]
[Round "1.9"]
[White "Lupor, Stefan"]
[Black "Kuechle, Wolfgang"]
[Result "1-0"]
[WhiteTitle "FM"]
[WhiteElo "2310"]
[BlackElo "2030"]
[WhiteFideId "4685806"]
[BlackFideId "24628581"]
[EventDate "2016.07.09"]

1. e4 d6 2. d4 Nf6 3. Nc3 e5 4. dxe5 dxe5 5. Qxd8+ Kxd8 6. Bg5 Be6 7. O-O-O+ Kc8
8. f4 exf4 9. Bxf4 Be7 10. Nf3 Nbd7 11. Nd5 Bd8 12. Nc3 Ng4 13. Re1 f6 14. Nd4
Bf7 15. Be2 Nge5 16. Rhf1 Be7 17. a3 Re8 18. Rd1 Bf8 19. Nf5 a6 20. g4 b6 21. g5
fxg5 22. Bxg5 g6 23. Nd4 Bg8 24. Kb1 Kb7 25. Nf3 c6 26. Nd4 b5 27. Nf3 Kc7 28.
Bf4 Bg7 29. Rd2 Rf8 30. Rxd7+ Kxd7 31. Nxe5+ Ke8 32. Bg3 Rxf1+ 33. Bxf1 Rc8 34.
Bh3 Rd8 35. Nxc6 Rd2 36. Nb4 a5 37. Nbd5 1-0

[Event "44th Sparkassen Open"]
[Site "Dortmund GER"]
[Date "2016.07.09"]
[Round "1.10"]
[White "Hartung, Thomas2"]
[Black "Pajeken, Wolfgang"]
[Result "0-1"]
[BlackTitle "FM"]
[WhiteElo "2018"]
[BlackElo "2289"]
[WhiteFideId "4639146"]
[BlackFideId "4622170"]
[EventDate "2016.07.09"]

1. e4 c5 2. Nf3 Nc6 3. d4 cxd4 4. Nxd4 Nf6 5. Nc3 d6 6. Bg5 Bd7 7. Qd2 Nxd4 8.
Qxd4 Qa5 9. f4 h6 10. Bxf6 gxf6 11. O-O-O h5 12. Kb1 Rc8 13. Be2 Qc5 14. Qd3 h4
15. g4 a6 16. Rhf1 Bg7 17. f5 Bh6 18. Rf3 Qe5 19. h3 Bf4 20. Qd4 Bc6 21. Qxe5
Bxe5 22. Nd5 Rh6 23. Rdf1 Kf8 24. Bd3 Re8 25. Nc7 Rd8 26. Nd5 b5 27. c3 Rd7 28.
Nf4 Rh8 29. a3 Kg7 30. Rg1 Kh6 31. Nd5 Kg5 32. Rgf1 Rb8 33. Kc2 a5 34. R1f2 Rdb7
35. b3 Rc8 36. c4 bxc4 37. bxc4 Rcb8 38. Kc1 Bb2+ 0-1

[Event "44th Sparkassen Open"]
[Site "Dortmund GER"]
[Date "2016.07.09"]
[Round "1.11"]
[White "Voicu-Jagodzinsky, Carmen"]
[Black "Knudsen, Martin"]
[Result "1/2-1/2"]
[WhiteTitle "WGM"]
[WhiteElo "2263"]
[BlackElo "2018"]
[WhiteFideId "1206729"]
[BlackFideId "1406523"]
[EventDate "2016.07.09"]

1. e4 d6 2. d4 Nf6 3. Nc3 e5 4. Nf3 Nbd7 5. g3 c6 6. Bg2 Be7 7. O-O O-O 8. h3
Qc7 9. a4 b6 10. Be3 Bb7 11. Nh4 g6 12. Qd2 Rfe8 13. Rad1 a6 14. d5 cxd5 15.
exd5 Rac8 16. Rc1 Qc4 17. Rfd1 Nh5 18. Bf1 Qc7 19. Nf3 f5 20. Bh6 Ng7 21. Be2
Bf6 22. Bg5 Qc5 23. Na2 Bxg5 24. Nxg5 Nf6 25. c4 a5 26. Nc3 Rcd8 27. Re1 e4 28.
Bf1 h6 29. Ne6 Nxe6 30. dxe6 Kg7 31. Nb5 Rxe6 32. Re3 Re7 33. Nd4 Qc7 34. Be2
Kh7 35. Rec3 Rdd7 36. Qe3 Re5 37. Bf1 Qd8 38. Rb3 Rde7 39. Nb5 Rc5 40. Rd1 d5
41. Rc3 Rd7 42. Rcc1 dxc4 43. Rxd7+ Qxd7 44. Bxc4 Bd5 45. b3 Qc6 46. Kh2 Bxc4
47. bxc4 Qd7 48. Qc3 Ne8 49. Qe1 Qe6 50. Qc3 Nd6 51. Nxd6 Qxd6 52. Kg1 g5 53.
Rc2 Qd1+ 54. Kh2 Qd3 55. Qf6 Qxc2 1/2-1/2

[Event "44th Sparkassen Open"]
[Site "Dortmund GER"]
[Date "2016.07.09"]
[Round "1.12"]
[White "Dette, Jan"]
[Black "Hecht, Carsten"]
[Result "1/2-1/2"]
[WhiteElo "2015"]
[BlackElo "2242"]
[WhiteFideId "12936677"]
[BlackFideId "24693928"]
[EventDate "2016.07.09"]

1. f4 d5 2. Nf3 g6 3. e3 Bg7 4. d4 Nf6 5. Bd3 O-O 6. O-O c5 7. c3 Nc6 8. Nbd2 b6
9. Ne5 Qc7 10. Ndf3 Ne4 11. Bxe4 dxe4 12. Ng5 Ba6 13. Rf2 Rad8 14. Qg4 h6 15.
Ngxf7 Rxf7 16. Nxf7 Kxf7 17. f5 g5 18. Qxe4 Qd6 19. h4 Bf6 20. Qf3 Ke8 21. b3
Kd7 22. Ba3 Kc7 23. h5 Bb7 24. Qg4 Qd7 25. Rd1 cxd4 26. cxd4 Kb8 27. Rfd2 Ka8
28. Bb2 Qd6 29. Bc3 Nb8 30. e4 Qc6 31. Bb4 Qxe4 32. Qxe4 Bxe4 33. Re2 Bxf5 34.
Bxe7 Rxd4 35. Rxd4 Bxd4+ 36. Kh1 Nc6 37. Bf8 Bg4 38. Rc2 Kb7 39. Bxh6 Be3 40.
Rc3 Bf4 41. Rd3 Bxh5 42. Bxg5 Bxg5 43. Rd5 Bg6 44. Rxg5 Bb1 45. a3 Nd4 46. b4
Kc6 47. Kg1 Ba2 48. Kf2 Bd5 49. Rg7 a6 50. Rg6+ Ne6 51. a4 a5 52. bxa5 bxa5 53.
Ke3 Kc5 54. Rxe6 Bxe6 55. Kd3 Kb4 56. Kc2 Ka3 57. Kb1 Kxa4 58. g4 1/2-1/2

[Event "44th Sparkassen Open"]
[Site "Dortmund GER"]
[Date "2016.07.09"]
[Round "1.13"]
[White "Mundorf, Johannes"]
[Black "Geerling, Anton"]
[Result "1-0"]
[WhiteElo "2240"]
[BlackElo "2008"]
[WhiteFideId "24672491"]
[BlackFideId "12976733"]
[EventDate "2016.07.09"]

1. Nf3 Nf6 2. g3 g6 3. b3 Bg7 4. Bb2 c5 5. c4 Nc6 6. Bg2 d6 7. O-O O-O 8. d4
cxd4 9. Nxd4 Bd7 10. Qd2 Nxd4 11. Bxd4 Bc6 12. Nc3 Bxg2 13. Kxg2 Qd7 14. Rac1
Rfc8 15. f3 b6 16. e4 Qb7 17. h4 a6 18. a4 Nd7 19. Bxg7 Kxg7 20. h5 Nc5 21. h6+
Kg8 22. Rb1 Qd7 23. Rfc1 Rab8 24. Nd5 f6 25. Nf4 Kf7 26. Qd5+ e6 27. Qd2 b5 28.
axb5 axb5 29. b4 Na4 30. c5 Rd8 31. cxd6 Qxd6 32. Qxd6 Rxd6 33. Rc7+ Kg8 34.
Rbc1 Rbd8 35. Rg7+ Kh8 36. Rcc7 Nb6 37. Rxh7+ 1-0

[Event "44th Sparkassen Open"]
[Site "Dortmund GER"]
[Date "2016.07.09"]
[Round "1.14"]
[White "Austrup, David"]
[Black "Wickenfeld, Stefan"]
[Result "0-1"]
[WhiteElo "2001"]
[BlackElo "2231"]
[WhiteFideId "12996890"]
[BlackFideId "4622790"]
[EventDate "2016.07.09"]

1. e4 c5 2. d4 cxd4 3. c3 Nf6 4. e5 Nd5 5. Nf3 e6 6. cxd4 Nc6 7. Bc4 d6 8. O-O
Be7 9. Qe2 O-O 10. Rd1 Na5 11. Bd3 Nb4 12. exd6 Qxd6 13. Ng5 h6 14. Ne4 Qxd4 15.
Bb5 Qe5 16. f4 Qc7 17. Be3 a6 18. Rc1 Qb8 19. Ba4 b5 20. Bd1 Nd5 21. Ned2 Nxf4
22. Bxf4 Qxf4 23. Bc2 f5 0-1

[Event "44th Sparkassen Open"]
[Site "Dortmund GER"]
[Date "2016.07.09"]
[Round "1.15"]
[White "Wicht, Juergen"]
[Black "Korten, Lando"]
[Result "0-1"]
[WhiteTitle "CM"]
[WhiteElo "2221"]
[BlackElo "2000"]
[WhiteFideId "4639197"]
[BlackFideId "12989606"]
[EventDate "2016.07.09"]

1. d4 Nf6 2. c4 g6 3. Nc3 Bg7 4. e4 d6 5. Be2 O-O 6. Nf3 e5 7. O-O Nc6 8. d5 Ne7
9. Ne1 Nd7 10. Be3 f5 11. f3 f4 12. Bf2 g5 13. g4 fxg3 14. hxg3 Ng6 15. Be3 Nf4
16. gxf4 gxf4 17. Bd2 Qg5+ 18. Ng2 Rf6 19. Rf2 Rh6 20. Bd3 Nf6 21. Be1 Nh5 22.
Rc2 Ng3 23. Bxg3 fxg3 24. Ne2 Qh4 25. Nxg3 Qh2+ 26. Kf1 Qxg3 0-1

[Event "44th Sparkassen Open"]
[Site "Dortmund GER"]
[Date "2016.07.09"]
[Round "1.16"]
[White "Maniocha, Marek"]
[Black "Torres-Kuckel, Rafael"]
[Result "0-1"]
[BlackTitle "FM"]
[WhiteElo "1982"]
[BlackElo "2191"]
[WhiteFideId "4636821"]
[BlackFideId "4625072"]
[EventDate "2016.07.09"]

1. e4 c5 2. Nf3 e6 3. d4 cxd4 4. Nxd4 a6 5. Be2 Nf6 6. Nc3 d6 7. O-O Qc7 8. Bf3
Nbd7 9. Re1 Be7 10. Bg5 Ne5 11. Be2 h6 12. Bh4 b5 13. a3 Bb7 14. Bg3 O-O 15. f4
Nc4 16. Bxc4 Qxc4 17. Qd3 Rfc8 18. Rad1 Nh5 19. f5 Nxg3 20. Qxg3 Bg5 21. Nf3
exf5 22. exf5 Qc5+ 23. Kh1 Qxf5 24. Nh4 Bxh4 25. Qxh4 Rc4 26. Rd4 g5 0-1

[Event "44th Sparkassen Open"]
[Site "Dortmund GER"]
[Date "2016.07.09"]
[Round "1.17"]
[White "Wiebe, Patrick"]
[Black "Schmitz, Edgar"]
[Result "1/2-1/2"]
[WhiteElo "2187"]
[BlackElo "1981"]
[WhiteFideId "4684079"]
[BlackFideId "24675270"]
[EventDate "2016.07.09"]

1. c4 Nf6 2. g3 e6 3. Bg2 d5 4. Nf3 Be7 5. O-O O-O 6. d4 Nbd7 7. Qc2 a6 8. Bf4
dxc4 9. Qxc4 Nd5 10. Ne5 N7b6 11. Qd3 Nxf4 12. gxf4 f6 13. Nc4 Nd5 14. e3 c6 15.
Nc3 Qe8 16. Rac1 Qh5 17. Ne4 Rd8 18. Qb3 Kh8 19. Rfd1 Rb8 20. Ng3 Qf7 21. Ne2
Qh5 22. Ng3 Qh6 23. Nb6 Nxb6 24. Qxb6 Bd7 25. Rc3 Be8 26. Rb3 e5 27. Nf5 Qh5 28.
Nxe7 Qxd1+ 29. Bf1 Bh5 30. Nf5 Be2 31. Ng3 Bxf1 32. Nxf1 exd4 33. Qc7 Qg4+ 34.
Ng3 Qd7 35. Qa5 d3 36. Qd2 c5 37. Rc3 Rbc8 38. b3 b5 39. e4 c4 40. Nf5 Kg8 41.
a4 Qe8 42. f3 Qf8 43. Ne3 Qc5 44. Kg2 Qd4 45. Nf5 Qd7 46. Ne3 Qe6 47. Kg3 Rc5
48. h4 g5 49. hxg5 fxg5 50. f5 Qe5+ 51. Kg2 Qf4 52. axb5 axb5 53. bxc4 bxc4 54.
Rxc4 Rxc4 55. Nxc4 Qxd2+ 56. Nxd2 Kf7 57. f4 Kf6 58. Kf3 h5 59. fxg5+ Kxg5 60.
Ke3 h4 61. Nf3+ Kf6 62. e5+ Kxf5 63. Nxh4+ Kxe5 64. Nf3+ Kf6 65. Kd2 Kf5 66. Ke3
Kf6 67. Kd2 Ke6 68. Ke3 Kf5 69. Nd2 Kg4 70. Ne4 Kh4 71. Kd2 Kg4 72. Ke3 Kf5 73.
Nd2 Kg4 74. Ne4 Kf5 75. Nd2 Ke5 76. Nf3+ Ke6 77. Nd2 Kf5 78. Nf3 Kf6 79. Kd2 Ke7
80. Ke3 Rd5 81. Nd2 Ke6 82. Nf3 Kf5 83. Nd2 Kg4 84. Ne4 Kh4 85. Kd2 Rd8 86. Nc5 1/2-1/2

[Event "44th Sparkassen Open"]
[Site "Dortmund GER"]
[Date "2016.07.09"]
[Round "1.18"]
[White "Heldt, Maximilian"]
[Black "Ciornei, Dragos"]
[Result "0-1"]
[WhiteElo "1975"]
[BlackElo "2183"]
[WhiteFideId "12952346"]
[BlackFideId "4619200"]
[EventDate "2016.07.09"]

1. e4 e5 2. Nf3 Nc6 3. Bb5 f5 4. exf5 e4 5. Qe2 Qe7 6. Bxc6 dxc6 7. Nd4 Nf6 8.
Nc3 Qe5 9. Ne6 Bxe6 10. fxe6 Bd6 11. b3 O-O-O 12. Bb2 Rhe8 13. O-O-O Qxe6 14.
Rhe1 Qf5 15. f3 exf3 16. Qxf3 Qxf3 17. gxf3 Rxe1 18. Rxe1 Bxh2 19. Ne4 Nxe4 20.
Rxe4 g5 21. Be5 Bxe5 22. Rxe5 h6 23. Re7 Rf8 24. Rh7 Rxf3 25. Rxh6 Rf1+ 26. Kb2
Kd7 27. Rg6 Rg1 28. Kc3 Ke7 29. Rg7+ Kf6 30. Rxc7 g4 31. Kd3 Re1 32. Rc8 Re7 33.
Rg8 Kf5 34. c4 Kf4 35. b4 Kf3 36. b5 Rd7+ 37. Kc3 c5 38. Rg5 b6 39. a4 g3 40. a5
g2 41. Rg6 Rd4 42. axb6 axb6 0-1

[Event "44th Sparkassen Open"]
[Site "Dortmund GER"]
[Date "2016.07.09"]
[Round "1.19"]
[White "Liard, Thibaud"]
[Black "Kueppers, Timo"]
[Result "0-1"]
[WhiteElo "2183"]
[BlackElo "1967"]
[WhiteFideId "649775"]
[BlackFideId "16205820"]
[EventDate "2016.07.09"]

1. d4 Nf6 2. c4 e6 3. g3 c5 4. d5 exd5 5. cxd5 d6 6. Bg2 g6 7. Nf3 Bg7 8. Nc3
O-O 9. O-O Re8 10. Nd2 Nbd7 11. h3 a6 12. a4 Rb8 13. a5 b5 14. axb6 Nxb6 15. g4
Nfd7 16. Nde4 Qe7 17. Bg5 f6 18. Bh4 Ne5 19. g5 f5 20. Nf6+ Bxf6 21. gxf6 Qf7
22. Qc1 Nbd7 23. e4 Nxf6 24. exf5 Bxf5 25. Rxa6 Bd3 26. Rxd6 Bxf1 27. Rxf6 Qg7
28. Bxf1 h6 29. Ne4 Rb4 30. Bg2 g5 31. Bxg5 hxg5 32. Rf5 Rf8 33. Rxg5 Ng6 34.
Ng3 Qf6 35. Qc2 Qxg5 36. Qxc5 Rxb2 37. Ne4 Qf4 38. d6 Rb1+ 0-1

[Event "44th Sparkassen Open"]
[Site "Dortmund GER"]
[Date "2016.07.09"]
[Round "1.20"]
[White "Phunhon Lopez, Daniel Alejandro"]
[Black "Boehm, Juergen2"]
[Result "1/2-1/2"]
[WhiteElo "1958"]
[BlackElo "2176"]
[WhiteFideId "12952567"]
[BlackFideId "4606434"]
[EventDate "2016.07.09"]

1. e4 e6 2. Nc3 d5 3. exd5 exd5 4. d4 Bb4 5. Nf3 Nc6 6. Bb5 Ne7 7. O-O O-O 8. h3
a6 9. Bxc6 Nxc6 10. Qd3 Ne7 11. Ne2 Bf5 12. Qb3 Bd6 13. Bf4 Qd7 14. Rfe1 Rfe8
15. Bxd6 Qxd6 16. Ng3 Bg6 17. Ne5 Nc6 18. Nxg6 hxg6 19. Qd3 Re6 20. Re3 Rae8 21.
Rae1 Rxe3 22. Rxe3 Rxe3 23. Qxe3 Kf8 24. c3 f6 1/2-1/2

[Event "44th Sparkassen Open"]
[Site "Dortmund GER"]
[Date "2016.07.09"]
[Round "1.21"]
[White "Ries, Benjamin"]
[Black "Dyballa, Gerhard"]
[Result "1-0"]
[WhiteElo "2173"]
[BlackElo "1966"]
[WhiteFideId "4663802"]
[BlackFideId "4645189"]
[EventDate "2016.07.09"]

1. d4 Nf6 2. c4 e5 3. dxe5 Ng4 4. Nf3 Bc5 5. e3 Nc6 6. a3 a5 7. b3 Ncxe5 8. Bb2
d6 9. Be2 Qe7 10. Nc3 Be6 11. O-O O-O 12. Nd5 Bxd5 13. cxd5 Nxf3+ 14. gxf3 Ne5
15. Kh1 f5 16. f4 Ng6 17. Rg1 Rf7 18. Bh5 Qe4+ 19. Bf3 Qe7 20. Qd3 Re8 21. Rg3
Qh4 22. Rag1 Ree7 23. Qf1 Nxf4 24. exf4 Qxf4 25. Bh5 g6 26. Bxg6 hxg6 27. Rxg6+ 1-0

[Event "44th Sparkassen Open"]
[Site "Dortmund GER"]
[Date "2016.07.09"]
[Round "1.22"]
[White "von Bargen, Lukas"]
[Black "Heinert, Eugen"]
[Result "1-0"]
[WhiteElo "1964"]
[BlackElo "2171"]
[WhiteFideId "12946141"]
[BlackFideId "24621390"]
[EventDate "2016.07.09"]

1. d4 d5 2. c4 c6 3. Nf3 Nf6 4. Nc3 dxc4 5. g3 g6 6. Bg2 Bg7 7. O-O O-O 8. Ne5
Ng4 9. Nxg4 Bxg4 10. h3 Be6 11. e3 Na6 12. Qe2 Qd7 13. Kh2 Rfd8 14. Rd1 Rac8 15.
Bd2 Qc7 16. Be1 h6 17. a3 Rd7 18. f4 Rcd8 19. Rac1 Qb6 20. Bf2 Qb3 21. Bf3 f5
22. g4 Nc7 23. gxf5 gxf5 24. e4 Kh8 25. e5 Nd5 26. Nxd5 Bxd5 27. Bxd5 cxd5 28.
Rc3 Qb6 29. Rg1 Rg8 30. Rcg3 Rdd8 31. Rg6 e6 32. Qh5 Kh7 33. Bh4 Rde8 34. Bf6
Qc7 35. Rxg7+ 1-0

[Event "44th Sparkassen Open"]
[Site "Dortmund GER"]
[Date "2016.07.09"]
[Round "1.23"]
[White "Stein, Robert"]
[Black "Savchenko, Daniel"]
[Result "1-0"]
[WhiteElo "2169"]
[BlackElo "1942"]
[WhiteFideId "12921084"]
[BlackFideId "12919195"]
[EventDate "2016.07.09"]

1. d4 Nf6 2. c4 e6 3. Nf3 c5 4. d5 exd5 5. cxd5 d6 6. Nc3 g6 7. g3 Bg7 8. Bg2
O-O 9. O-O Na6 10. Nd2 Nc7 11. a4 b6 12. Nc4 Ba6 13. Qb3 Qd7 14. h3 Bxc4 15.
Qxc4 a6 16. e4 b5 17. Qd3 b4 18. Nd1 Qe7 19. Ne3 Nd7 20. f4 Nb6 21. a5 Nd7 22.
Nc4 Nb5 23. Bd2 Rae8 24. Rae1 Qd8 25. Kh2 Qb8 26. Re3 Nd4 27. b3 f5 28. exf5
gxf5 29. Rfe1 Nf6 30. Bc1 Rxe3 31. Rxe3 Nd7 32. Bb2 Qd8 33. Nxd6 Qxa5 34. Re7
Nf6 35. Bxd4 cxd4 36. Nxf5 Ne8 37. Nh6+ Kh8 38. Nf7+ Kg8 39. Ng5 Nf6 40. Rxg7+
Kxg7 41. Ne6+ Kf7 42. Nxf8 Kxf8 43. Qxd4 1-0

[Event "44th Sparkassen Open"]
[Site "Dortmund GER"]
[Date "2016.07.09"]
[Round "1.24"]
[White "Stemmler, Fabian"]
[Black "Partzsch, Lukas"]
[Result "1/2-1/2"]
[WhiteElo "1931"]
[BlackElo "2167"]
[WhiteFideId "12964808"]
[BlackFideId "12934852"]
[EventDate "2016.07.09"]

1. e4 c5 2. Nf3 d6 3. d4 cxd4 4. Nxd4 Nf6 5. Nc3 a6 6. h3 e5 7. Nde2 Be7 8. g4
O-O 9. Bg2 b5 10. O-O Bb7 11. a3 Nbd7 12. Ng3 Nb6 13. Nf5 g6 14. Nxe7+ Qxe7 15.
f4 Nfd7 16. f5 f6 17. Bh6 Rf7 18. g5 fxg5 19. Qg4 Nf8 20. fxg6 Nxg6 21. Rxf7
Qxf7 22. Rf1 Qd7 23. Qxg5 Re8 24. h4 Qe7 25. Rf6 Kh8 26. h5 Nd7 27. Rf5 Nh4 28.
Qxe7 Rxe7 29. Rg5 Nxg2 30. Rxg2 Rf7 31. Rd2 Rf6 32. Bg5 Re6 33. Kf2 Nf6 34.
Bxf6+ Rxf6+ 35. Ke3 Kg7 36. Ne2 Kf7 37. Ng3 Ke6 38. b3 d5 39. exd5+ Bxd5 40. Ne4
Bxe4 41. Kxe4 Rf4+ 42. Ke3 Rh4 43. Rd8 Rxh5 44. Ra8 Rh2 45. Rxa6+ Kd5 46. Rb6
Rh3+ 47. Kd2 Kd4 48. Rxb5 Rh2+ 49. Kc1 e4 50. a4 Rh1+ 51. Kd2 e3+ 52. Ke2 Rh2+
53. Kd1 1/2-1/2